Mythic symbolism and cultural anthropology in three early works of Marguerite Yourcenar : Nouvelles Orientales, Le Coup de Grace, Comme L'Eau Qui Coule
Αποθηκεύτηκε σε:
| Κύριος συγγραφέας: | |
|---|---|
| Μορφή: | Βιβλίο |
| Γλώσσα: | English |
| Δημοσίευση: |
Lewiston :
Mellen University Press,
c1995
|
| Θέματα: | |
| Ετικέτες: |
Προσθήκη ετικέτας
Δεν υπάρχουν, Καταχωρήστε ετικέτα πρώτοι!
|
MARC
| LEADER | 00000nam a2200000 i 4500 | ||
|---|---|---|---|
| 001 | 1/99232 | ||
| 008 | 000127s1995 eng d | ||
| 020 | |a 0-7734-9079-5 | ||
| 035 | |l 10056805 | ||
| 040 | |a GR-MY-UA |b gre |e aacr | ||
| 041 | 0 | |a eng | |
| 082 | 0 | |a 843.912 | |
| 100 | 1 | |a Frederick, Patricia E. | |
| 245 | 1 | 0 | |a Mythic symbolism and cultural anthropology in three early works of Marguerite Yourcenar : |b Nouvelles Orientales, Le Coup de Grace, Comme L'Eau Qui Coule / |c Patricia E. Frederick |
| 260 | |a Lewiston : |b Mellen University Press, |c c1995 | ||
| 300 | |a 189 p. | ||
| 504 | |a Includes bibliographical references | ||
| 600 | 1 | 0 | |a Yourcenar Marguerite |x Knowledge |x Anthropology. |
| 600 | 1 | 0 | |a Yourcenar Marguerite |x Knowledge |x Mythology. |
| 650 | 0 | 0 | |a Literature and anthropology |z France |x History |y 20th century. |
| 650 | 0 | 0 | |a Mythology in literature. |
| 650 | 0 | 0 | |a Symbolism in literature. |
| 650 | 0 | 0 | |a Culture in literature. |
| 852 | |a INST |b LESVOS |e 20000127 |h 843.912 FRE |p 005100021606 |q 005100021606 |t BK |y 0 | ||
| 901 | |a BIBL1-2000-1 | ||
| 909 | |a Λ |b 070350 | ||
| 922 | |a 1ΕΛΗ |b 199911 |c ΚΠΣ/ΤΚΑ |d LEADER | ||
| 950 | |a 117-1999-07-30 | ||
| 970 | |a ΤΖΑΦΕΡΗ |b ΕΥΑΓΓΕΛΙΑ |z 2000/02/11 | ||